<?xml version="1.0" encoding="UTF-8"?>
<record
    xmlns:xsi="http://www.w3.org/2001/XMLSchema-instance"
    xsi:schemaLocation="http://www.loc.gov/MARC21/slim http://www.loc.gov/standards/marcxml/schema/MARC21slim.xsd"
    xmlns="http://www.loc.gov/MARC21/slim">

  <leader>01184nam a22002537a 4500</leader>
  <controlfield tag="005">20101001153241.0</controlfield>
  <controlfield tag="008">090529t        xxu||||| |||| 00| 0 hin d</controlfield>
  <datafield tag="010" ind1=" " ind2=" ">
    <subfield code="a">HIN-90720</subfield>
  </datafield>
  <datafield tag="020" ind1=" " ind2=" ">
    <subfield code="a">8187482095</subfield>
    <subfield code="c">120.00</subfield>
  </datafield>
  <datafield tag="035" ind1=" " ind2=" ">
    <subfield code="a">HN-63066</subfield>
  </datafield>
  <datafield tag="037" ind1=" " ind2=" ">
    <subfield code="b">DBAD / PUB</subfield>
  </datafield>
  <datafield tag="040" ind1=" " ind2=" ">
    <subfield code="a">dpl</subfield>
    <subfield code="b">hn</subfield>
  </datafield>
  <datafield tag="082" ind1=" " ind2=" ">
    <subfield code="a">824</subfield>
  </datafield>
  <datafield tag="100" ind1=" " ind2=" ">
    <subfield code="a">&#x938;&#x94B;&#x928;&#x940;, &#x92E;&#x926;&#x928;</subfield>
    <subfield code="9">22579</subfield>
  </datafield>
  <datafield tag="245" ind1=" " ind2=" ">
    <subfield code="a">&#x915;&#x925;&#x93E; &#x92A;&#x941;&#x930;&#x941;&#x937;:</subfield>
    <subfield code="c">&#x92E;&#x926;&#x928; &#x938;&#x94B;&#x928;&#x940;</subfield>
    <subfield code="b">&#x928;&#x93F;&#x930;&#x94D;&#x92E;&#x932; &#x935;&#x930;&#x94D;&#x92E;&#x93E; &#x92A;&#x930; &#x91A;&#x93E;&#x930; &#x928;&#x93F;&#x92C;&#x928;&#x94D;&#x927; /</subfield>
  </datafield>
  <datafield tag="246" ind1=" " ind2=" ">
    <subfield code="a">Katha purush</subfield>
    <subfield code="b">by Madan Soni</subfield>
  </datafield>
  <datafield tag="260" ind1=" " ind2=" ">
    <subfield code="a">&#x92C;&#x940;&#x915;&#x93E;&#x928;&#x947;&#x930;</subfield>
    <subfield code="b">&#x935;&#x93E;&#x917;&#x94D;&#x926;&#x947;&#x935;&#x940; &#x92A;&#x94D;&#x930;&#x915;&#x93E;&#x936;&#x928; </subfield>
    <subfield code="c">2010</subfield>
  </datafield>
  <datafield tag="270" ind1=" " ind2=" ">
    <subfield code="a">&#x935;&#x93F;&#x928;&#x93E;&#x92F;&#x915; &#x936;&#x93F;&#x916;&#x930;, &#x92A;&#x949;&#x932;&#x93F;&#x91F;&#x947;&#x915;&#x94D;&#x928;&#x93F;&#x915; &#x915;&#x949;&#x932;&#x947;&#x91C; &#x915;&#x947; &#x92A;&#x93E;&#x938; </subfield>
    <subfield code="b">&#x92C;&#x940;&#x915;&#x93E;&#x928;&#x947;&#x930;</subfield>
    <subfield code="e">334003</subfield>
    <subfield code="k">0151-2242023</subfield>
    <subfield code="m">vagdevibooks@gmail.com </subfield>
  </datafield>
  <datafield tag="300" ind1=" " ind2=" ">
    <subfield code="a">120&#x92A;&#x943;.</subfield>
    <subfield code="c">22&#x938;&#x947;&#x92E;&#x940; (&#x938;&#x91C;&#x93F;&#x932;&#x94D;&#x926;) </subfield>
  </datafield>
  <datafield tag="650" ind1=" " ind2=" ">
    <subfield code="a">&#x939;&#x93F;&#x928;&#x94D;&#x926;&#x940; &#x928;&#x93F;&#x92C;&#x928;&#x94D;&#x927;</subfield>
    <subfield code="9">22580</subfield>
  </datafield>
  <datafield tag="650" ind1=" " ind2=" ">
    <subfield code="a">Hindi Nibandh</subfield>
    <subfield code="z">India</subfield>
    <subfield code="9">22581</subfield>
  </datafield>
  <datafield tag="942" ind1=" " ind2=" ">
    <subfield code="2">ddc</subfield>
    <subfield code="c">HN</subfield>
    <subfield code="m">&#x938;&#x94B;&#x928;&#x940;&#x92E;</subfield>
    <subfield code="h">824</subfield>
  </datafield>
  <datafield tag="999" ind1=" " ind2=" ">
    <subfield code="c">48112</subfield>
    <subfield code="d">48112</subfield>
  </datafield>
  <datafield tag="952" ind1=" " ind2=" ">
    <subfield code="0">0</subfield>
    <subfield code="1">0</subfield>
    <subfield code="2">ddc</subfield>
    <subfield code="4">0</subfield>
    <subfield code="7">1</subfield>
    <subfield code="8">NFIC</subfield>
    <subfield code="a">DBAD</subfield>
    <subfield code="b">DBAD</subfield>
    <subfield code="d">2010-10-01</subfield>
    <subfield code="e">DBAD / PUB</subfield>
    <subfield code="g">120.00</subfield>
    <subfield code="l">0</subfield>
    <subfield code="o">824 &#x938;&#x94B;&#x928;&#x940;&#x92E;</subfield>
    <subfield code="p">HN-63066</subfield>
    <subfield code="r">2010-10-01 00:00:00</subfield>
    <subfield code="t">1</subfield>
    <subfield code="v">120.00</subfield>
    <subfield code="w">2010-10-01</subfield>
    <subfield code="y">HN</subfield>
  </datafield>
</record>
